Orientacions per al suport local al benestar de les famílies al llarg de la vida : projecte 'Noves famílies, noves polítiques' / autors: Jordi Collet i Joan Subirats projecte 'Noves famílies, noves polítiques' / autors:
MARC
| LEADER | 00000nam a2200000Ia 4500 | ||
|---|---|---|---|
| 001 | 23083 | ||
| 008 | 160829s2010 xx 000 0 cat d | ||
| 020 | |a 978-84-9803-405-9 | ||
| 080 | |a S-1-326 | ||
| 100 | |a Collet, Jordi, |d 1967- |e autor |9 41438 | ||
| 245 | |a Orientacions per al suport local al benestar de les famílies al llarg de la vida : |b projecte 'Noves famílies, noves polítiques' / autors: |b Jordi Collet i Joan Subirats | ||
| 260 | |a Barcelona : |b Diputació de Barcelona. Àrea de Benestar Social, |c 2010 | ||
| 300 | |a 183 p. ; |c 29 cm | ||
| 490 | |a Documents de treball. Benestar Social ; 11 | ||
| 651 | 0 | |a Barcelona (Catalunya : Província) |x Política familiar |9 54070 | |
| 700 | |a Subirats, Joan |q (Subirats i Humet), |d 1951- |e autor |9 148 | ||
| 710 | 1 | |a Barcelona (Catalunya : Província). |b Àrea de Benestar Social |9 52988 | |
| 901 | |a Arxiu | ||
| 942 | |n 1 |2 udc | ||
| 952 | |0 0 |1 0 |4 0 |6 S1326 |7 1 |9 50208 |a Arxiu |b Arxiu |d 2016-12-01 |l 0 |o S-1-326 |p 23083 |r 2016-12-01 00:00:00 |w 2016-12-01 |y ARXIU | ||
| 999 | |c 54050 |d 54050 | ||